| 000 | 00903nam a2200265 i 4500 | ||
|---|---|---|---|
| 001 | 16186 | ||
| 003 | ES-MaACL | ||
| 005 | 20230906151247.0 | ||
| 007 | t| | ||
| 008 | 000707s1988 sp ||||1| spa d | ||
| 020 | _a84-323-0654-1 | ||
| 080 | _a929 Eïzenshteïn, Sergueï Mijaïlovich | ||
| 100 | 1 |
_aEisenstein, Sergei M. ( _d1898-1948) _946864 |
|
| 245 | 1 | 0 |
_aYo _b: memorias inmorales / _cpor Sergei M. Eisenstein ; compilado por Naum Kleiman y Valentina Korshunova. |
| 250 | _a2ª ed. en castellano. | ||
| 260 |
_aMadrid : _bSiglo XXI de España, _c1988. |
||
| 300 |
_a2 v. : _bil. ; _c21 cm. |
||
| 490 | 1 | _aEl hombre y sus obras | |
| 600 | 1 | 4 |
_aEisenstein, Sergei M. ( _d1898-1948) _946864 |
| 700 | 1 |
_aKleiman, Naum. _968202 |
|
| 700 | 1 |
_aKorshunova, Valentina. _968611 |
|
| 830 | 0 |
_aEl hombre y sus obras _9179895 |
|
| 852 |
_aES-MaACL _jL-23392-93 _bR.128375 |
||
| 999 |
_c16186 _d16186 |
||